Elements of structural analysis / (Record no. 83653)

MARC details
000 -LEADER
fixed length control field 00602nam a22001937a 4500
005 - DATE AND TIME OF LATEST TRANSACTION
control field 20140702123956.0
010 ## - LCCN (DPL NO)
LC control number ENG-109751
020 ## - INTERNATIONAL STANDARD BOOK NUMBER
International Standard Book Number 9788173816383
Terms of availability 635.00
035 ## - SYSTEM CONTROL NUMBER
System control number EN-93284
037 ## - SOURCE OF ACQUISITION
Source of stock number/acquisition DBAD/PUB
082 ## - DEWEY DECIMAL CLASSIFICATION NUMBER
Classification number 624.171
100 ## - MAIN ENTRY--PERSONAL NAME
Personal name Sinha, N.C.
245 00 - TITLE STATEMENT
Title Elements of structural analysis /
Statement of responsibility, etc by N. C. Sinha
260 ## - PUBLICATION, DISTRIBUTION, ETC. (IMPRINT)
Place of publication, distribution, etc Kolkata
Name of publisher, distributor, etc New Central Book Agency
Date of publication, distribution, etc 2013(repr.)
270 ## - ADDRESS
Address 8/1 Chintamoni Das Lane
City Kolkata
Postal code 700009
300 ## - PHYSICAL DESCRIPTION
Extent xv,1001p. :
Dimensions 25cm(pbk)
Other physical details ill.
500 ## - GENERAL NOTE
General note Includes bibliographical references and index
942 ## - ADDED ENTRY ELEMENTS (KOHA)
Source of classification or shelving scheme Dewey Decimal Classification
Item type English Books
Call number suffix SIN
Classification part 624.171
Holdings
Withdrawn status Lost status Not for loan Collection code Home library Current library Date acquired Source of acquisition Cost, normal purchase price Full call number Barcode Copy number Cost, replacement price Koha item type
    Not For Loan Non-fiction D.B.Act.Division D.B.Act.Division 21/04/2014 DBAD/PUB 635.00 624.171 SIN EN-93284 1 635.00 English Books

© Delhi Public Library
Hit Counter
free hit counter